000 00664nam a22001817a 4500
003 UA-OsUOA
001 17932
007 ta
008 20040404b un ||||| |||| 00| 0 ukr d
100 _aГерасимчук Д.
942 _cSA
040 _aUA-OsUOA
_cUA-OsUOA
_dUA-OsUOA
245 _aТут двері завжди відкриті людям
_b[Про досвід роботи Млинів. район. упр. Пенсійног фонду зі зверненнями громадян]
300 _aС.3
955 _a0
773 0 _w0
_tВільне слово
_dРівне
_d2004
_g№25/31 берез./
650 7 _aКраєзнавча робота
_2UDC
999 _c304102
_d304102